Statistics for Квиз о Ираку

Click here to take the quiz!

General Stats

  • This quiz has been taken 82 times
  • The average score is 12 of 21

Answer Stats

ОписОдговор% Correct
Две највеће рекеЕуфрат
95%
Две највеће рекеТигар
94%
Званични језициАрапски
92%
Ирак је водио крвави рат против ове државе 1980-88Иран
92%
Главни градБагдад
91%
Држава која је предводила инвазију 2003, са изговором да трага за оружјем за масовно уништењеСједињене Америчке Државе
88%
Залив на који Ирак излази{Персијски} залив
86%
Антички назив за регије између ове две рекеМесопотамија
85%
Држава на коју је извршена инвазија 1990. годинеКувајт
73%
Владар Ирака, 1979-2003Садам Хусеин
65%
Званична валутаДинар
59%
"Калифат" који је оперисао у Ираку током 2010-их, данас скоро пораженИСИЛ
55%
Краљ града изнад; његов чувени законик први пут помиње израз "око за око"Хамураби
53%
Древни град у којем се налази Велики зигуратВавилон
48%
Ови страни освајачи су 1258. године, опљачкали главни град, овим догађајем је завршено исламско златно добаМонголи
42%
Ове речи значења "Бог је велики" су исписане на заставиАлаху Акбар
27%
Званични језициКурдски
26%
Овај легендарни морнар који је препловио седам мора је из ИракаСинбад
23%
Највећи град јужног ИракаБасра
14%
Ова библијска личност је рођена у граду УруАврам
14%
Бивши амерички затвор у Ираку, познат по злостављању затвореникаАбу Граиб
5%

Score Distribution

Percentile by Number Answered

Percent of People with Each Score

Your Score History

You have not taken this quiz